[Event "2. Bundesliga Mitte 2012/2013"]
[Site "St. Veit/Glan"]
[Date "2013.03.22"]
[Round "6"]
[Board "5"]
[White "Sandner, Wolfgang"]
[Black "Fahrner, Kurt"]
[Result "0-1"]
[WhiteElo "2209"]
[BlackElo "2378"]
[PlyCount "112"]
[EventDate "2012.10.19"]
[EventType "team"]
[EventRounds "11"]
[EventCountry "AUT"]
[WhiteTeam "RbEJ Gleisdorf"]
[BlackTeam "ESV Austria Graz"]

1. e4 e5 2. Nf3 Nc6 3. Bc4 Bc5 4. c3 Qe7 5. O-O d6 6. h3 Nf6 7. Re1 Bd7 8. a4
a6 9. d4 Ba7 10. d5 Nd8 11. Be3 Bxe3 12. Rxe3 Nh5 13. g3 g6 14. Bf1 Ng7 15. c4
O-O 16. Nc3 a5 17. Nb5 Ne8 18. Qd2 b6 19. Ne1 Nb7 20. Nd3 Nc5 21. Nxc5 dxc5 22.
Nc3 Nd6 23. b3 f5 24. Bg2 f4 25. Rd3 Rf7 26. g4 Raf8 27. f3 h5 28. Rf1 Rh7 29.
Qb2 Be8 30. Qe2 Qf6 31. Qd2 Bd7 32. Qd1 Kf7 33. Qd2 Ke7 34. Nb5 Kd8 35. Qc2
Rfh8 36. Qe2 Qh4 37. Qf2 hxg4 38. Qxh4+ Rxh4 39. fxg4 Bxb5 40. axb5 Ke7 41. Rc1
Rd8 42. Kf2 Nf7 43. Rh1 Ng5 44. Rdd1 Rdh8 45. Rde1 Nxh3+ 46. Ke2 Ng5 47. Kf2
Kf6 48. Rd1 Rxh1 49. Rxh1 Rxh1 50. Bxh1 Nf7 51. Kg2 Kg5 52. Kh3 f3 53. Kg3 f2
54. Bg2 Nh6 55. Kxf2 Kf4 56. g5 Nf7 0-1

[Event "2. Bundesliga Mitte 2012/2013"]
[Site "St. Veit/Glan"]
[Date "2013.03.22"]
[Round "6"]
[Board "6"]
[White "Spindelboeck, Gernot"]
[Black "Knoll, Martin"]
[Result "1-0"]
[WhiteElo "2233"]
[BlackElo "2081"]
[PlyCount "93"]
[EventDate "2012.10.19"]
[EventType "team"]
[EventRounds "11"]
[EventCountry "AUT"]
[WhiteTeam "ESV Austria Graz"]
[BlackTeam "RbEJ Gleisdorf"]

1. d4 d5 2. Nf3 Nf6 3. c4 c6 4. Qc2 g6 5. g3 Bg7 6. Bg2 O-O 7. O-O Bf5 8. Qb3
Qb6 9. c5 Qxb3 10. axb3 Na6 11. Bf4 Nd7 12. Nbd2 e5 13. Nxe5 Nxe5 14. Bxe5 Bxe5
15. dxe5 Nxc5 16. b4 Nd7 17. f4 a6 18. h3 h5 19. e4 dxe4 20. Nxe4 Bxe4 21. Bxe4
Nb6 22. Rad1 Rfd8 23. b3 Kf8 24. Kf2 Ke7 25. Ke3 Rxd1 26. Rxd1 Rd8 27. Rxd8
Kxd8 28. Kd4 Ke7 29. g4 h4 30. f5 gxf5 31. gxf5 Nd7 32. Bc2 Nb6 33. Be4 Nd7 34.
Bc2 Nb6 35. f6+ Kd8 36. Be4 Nd7 37. Bf5 b6 38. Bd3 b5 39. Be4 Kc7 40. Bf3 Nf8
41. Bg4 Kb6 42. Bf5 Kc7 43. Bg4 Kb6 44. Bh5 Ne6+ 45. Ke3 Ng5 46. Bxf7 Kc7 47.
e6 1-0

[Event "2. Bundesliga Mitte 2012/2013"]
[Site "St. Veit/Glan"]
[Date "2013.03.22"]
[Round "6"]
[Board "1"]
[White "Gergacz, Attila"]
[Black "Flumbort, Andras"]
[Result "1/2-1/2"]
[WhiteElo "2393"]
[BlackElo "2492"]
[PlyCount "66"]
[EventDate "2012.10.19"]
[EventType "team"]
[EventRounds "11"]
[EventCountry "AUT"]
[WhiteTeam "SV Steyregg"]
[BlackTeam "ASK St. Valentin"]

1. Nf3 c5 2. e4 d6 3. d4 cxd4 4. Qxd4 Nc6 5. Bb5 Bd7 6. Bxc6 Bxc6 7. c4 Nf6 8.
Nc3 e6 9. O-O Be7 10. b3 O-O 11. Bb2 a6 12. Rad1 b5 13. e5 Bxf3 14. gxf3 dxe5
15. Qxe5 Qb8 16. Nd5 exd5 17. Qxe7 Re8 18. Qc5 Qf4 19. Qd4 Qxd4 20. Bxd4 dxc4
21. bxc4 bxc4 22. Bxf6 gxf6 23. Rd4 Rac8 24. Rc1 Re2 25. Rdxc4 Rxc4 26. Rxc4
Rxa2 27. Rf4 Ra1+ 28. Kg2 Kg7 29. Rg4+ Kf8 30. Rh4 Kg8 31. Rg4+ Kf8 32. Rh4 Kg7
33. Rg4+ Kf8 1/2-1/2

[Event "2. Bundesliga Mitte 2012/2013"]
[Site "St. Veit/Glan"]
[Date "2013.03.22"]
[Round "6"]
[Board "2"]
[White "Gonda, Laszlo"]
[Black "Nemeth, Miklos"]
[Result "1-0"]
[WhiteElo "2528"]
[BlackElo "2446"]
[PlyCount "129"]
[EventDate "2012.10.19"]
[EventType "team"]
[EventRounds "11"]
[EventCountry "AUT"]
[WhiteTeam "ASK St. Valentin"]
[BlackTeam "SV Steyregg"]

1. d4 {[%emt 0:00:00]} Nf6 {[%emt 0:00:00]} 2. c4 e6 3. Nf3 b6 4. g3 c6 5. Bg2
Be7 6. O-O O-O 7. Qc2 d5 8. Rd1 Nbd7 9. b3 a5 10. Bb2 b5 11. Nbd2 bxc4 12. bxc4
Ba6 13. e3 Rb8 14. c5 Qc7 15. Bc3 e5 16. Rdb1 e4 17. Ne1 Ra8 18. Rb3 h5 19.
Rab1 Ng4 20. Ra3 Bc8 21. Nb3 a4 22. Nc1 Bg5 23. Rxa4 Rxa4 24. Qxa4 Ndf6 25. Bd2
h4 26. Ne2 hxg3 27. hxg3 Qd7 28. Nf4 Bxf4 29. exf4 Qf5 30. Rb8 Qh5 31. Qxc6 e3
32. Bxe3 Qh2+ 33. Kf1 Ba6+ 34. Qxa6 Rxb8 35. c6 Ne8 36. Qb7 Rd8 37. c7 Nxc7 38.
Qxc7 Re8 39. Bxd5 Qh5 40. Qc6 Rxe3 41. fxe3 Nxe3+ 42. Kg1 Nxd5 43. Qe8+ Kh7 44.
Qe4+ Kg8 45. Nf3 f6 46. Qe6+ Kh7 47. Kg2 Nc3 48. a3 Qa5 49. Qh3+ Kg8 50. Qc8+
Kf7 51. Qc5 Nb5 52. Qc4+ Kf8 53. Qb4+ Qxb4 54. axb4 Ke7 55. Kf2 Kd6 56. Ke3 Kd5
57. Kd3 f5 58. Nh4 Nxd4 59. Ng2 Nf3 60. Ne3+ Kd6 61. Nc2 Kd5 62. Ke2 Nh2 63.
Ne3+ Ke4 64. b5 Nf3 65. Nxf5 1-0

[Event "2. Bundesliga Mitte 2012/2013"]
[Site "St. Veit/Glan"]
[Date "2013.03.22"]
[Round "6"]
[Board "3"]
[White "Pataki, Gyoezoe"]
[Black "Kranzl, Peter"]
[Result "1/2-1/2"]
[WhiteElo "2367"]
[BlackElo "2239"]
[PlyCount "104"]
[EventDate "2012.10.19"]
[EventType "team"]
[EventRounds "11"]
[EventCountry "AUT"]
[WhiteTeam "SV Steyregg"]
[BlackTeam "ASK St. Valentin"]

1. d4 Nf6 2. c4 c5 3. d5 b5 4. cxb5 a6 5. e3 e6 6. Nc3 exd5 7. Nxd5 Bb7 8.
Nxf6+ Qxf6 9. Nf3 Bd6 10. bxa6 Nxa6 11. Bd2 Nb4 12. Bxb4 cxb4 13. Bc4 Qxb2 14.
O-O Qf6 15. Qd4 Bxf3 16. Qxf6 gxf6 17. gxf3 Rg8+ 18. Kh1 Rc8 19. Bb3 Ke7 20. f4
Bc5 21. Rg1 d6 22. Rg3 Rxg3 23. hxg3 Kf8 24. Kg2 Kg7 25. Kf3 Re8 26. Re1 h6 27.
Rd1 Kg6 28. Bc2+ Kg7 29. Rd5 Rh8 30. Rh5 Re8 31. Ke2 Ra8 32. Bb3 Ra5 33. Kd3
Ra7 34. Rh4 Re7 35. Rg4+ Kf8 36. Kc4 Re8 37. Bc2 Ra8 38. Kb3 Ra3+ 39. Kb2 d5
40. f5 Ra8 41. Rh4 Kg7 42. Rg4+ Kf8 43. Rh4 Kg7 44. Bb3 Rd8 45. Kc2 d4 46. exd4
Rxd4 47. Rxd4 Bxd4 48. g4 Bxf2 49. Kd3 Bc5 50. Kc4 Bg1 51. Kd5 Kf8 52. Ba4 Kg7
1/2-1/2

[Event "2. Bundesliga Mitte 2012/2013"]
[Site "St. Veit/Glan"]
[Date "2013.03.22"]
[Round "6"]
[Board "4"]
[White "Tober, Gerhard"]
[Black "Enoeckl, Philipp"]
[Result "1/2-1/2"]
[WhiteElo "2272"]
[BlackElo "2316"]
[PlyCount "102"]
[EventDate "2012.10.19"]
[EventType "team"]
[EventRounds "11"]
[EventCountry "AUT"]
[WhiteTeam "ASK St. Valentin"]
[BlackTeam "SV Steyregg"]

1. e4 e6 2. d4 d5 3. Nc3 Bb4 4. Nge2 Nf6 5. e5 Nfd7 6. f4 g6 7. Be3 b6 8. a3
Be7 9. Ng1 Ba6 10. Bxa6 Nxa6 11. f5 gxf5 12. Qh5 Nf8 13. Nh3 Rg8 14. O-O-O c6
15. Rhg1 Rg4 16. g3 Kd7 17. Qxf7 Qe8 18. Qxe8+ Rxe8 19. Nf2 Rg8 20. g4 Ng6 21.
gxf5 exf5 22. Nh3 Nc7 23. Rdf1 Nh4 24. Ne2 Ne6 25. Nef4 Rg4 26. Nxe6 Kxe6 27.
Nf4+ Kd7 28. h3 Rgg8 29. Kd1 Ref8 30. Ke2 Ng6 31. Kf3 Nxf4 32. Bxf4 Ke6 33. Rg3
Rxg3+ 34. Kxg3 Rg8+ 35. Kh2 c5 36. c3 Rg6 37. Rg1 b5 38. Rb1 a6 39. Rg1 c4 40.
Rg3 a5 41. Rf3 Bh4 42. Bg3 Bg5 43. Bf4 Bh4 44. Bg3 Be7 45. Bf4 Bd8 46. Be3 Bh4
47. Bf2 Be7 48. Be3 b4 49. axb4 axb4 50. cxb4 Bxb4 51. Rf1 Be7 1/2-1/2

[Event "2. Bundesliga Mitte 2012/2013"]
[Site "St. Veit/Glan"]
[Date "2013.03.22"]
[Round "6"]
[Board "5"]
[White "Wiesinger, Robert"]
[Black "Theuretzbacher, Klaus"]
[Result "1/2-1/2"]
[WhiteElo "2244"]
[BlackElo "2234"]
[PlyCount "128"]
[EventDate "2012.10.19"]
[EventType "team"]
[EventRounds "11"]
[EventCountry "AUT"]
[WhiteTeam "SV Steyregg"]
[BlackTeam "ASK St. Valentin"]

1. e4 d5 2. exd5 Qxd5 3. Nf3 Nf6 4. d4 c6 5. c4 Qd8 6. Be2 e6 7. O-O Be7 8. Nc3
O-O 9. Qc2 Nbd7 10. Rd1 Qc7 11. Bg5 Re8 12. Rac1 Nf8 13. Ne5 Ng6 14. Nxg6 hxg6
15. g3 e5 16. dxe5 Qxe5 17. Bf4 Qa5 18. Bf3 Ng4 19. Ne4 Qh5 20. h4 Bf5 21. c5
Kh8 22. Qc4 f6 23. Nd6 Bxd6 24. Bxd6 Be6 25. Qb4 Qf5 26. Qf4 Ne5 27. Bxe5 fxe5
28. Qe3 Qf7 29. Be4 Bd5 30. Re1 Bxa2 31. Qg5 Re6 32. Rcd1 Rf8 33. f3 Bd5 34.
Rxd5 cxd5 35. Bxd5 Qd7 36. Bxe6 Qxe6 37. Rxe5 Qc6 38. f4 b6 39. h5 Rf6 40. hxg6
Rxg6 41. Qd8+ Kh7 42. Qd3 Kg8 43. b4 bxc5 44. Rxc5 Qb6 45. Qc4+ Kh7 46. Kg2
Qb7+ 47. Kf2 Qh1 48. Qd5 Qb1 49. Qh5+ Rh6 50. Qf5+ Qxf5 51. Rxf5 Rb6 52. b5 a6
53. bxa6 Rxa6 54. g4 Ra3 55. Re5 Kg6 56. Re3 Ra4 57. Kg3 Kf6 58. Rb3 g6 59.
Rb6+ Kf7 60. Rb7+ Kg8 61. Rc7 Rb4 62. Rd7 Ra4 63. Kf3 Rb4 64. Ke3 g5 1/2-1/2

[Event "2. Bundesliga Mitte 2012/2013"]
[Site "St. Veit/Glan"]
[Date "2013.03.22"]
[Round "6"]
[Board "6"]
[White "Heimberger, Reinhard"]
[Black "Raber, Florian"]
[Result "1-0"]
[WhiteElo "2300"]
[BlackElo "2167"]
[PlyCount "77"]
[EventDate "2012.10.19"]
[EventType "team"]
[EventRounds "11"]
[EventCountry "AUT"]
[WhiteTeam "ASK St. Valentin"]
[BlackTeam "SV Steyregg"]

1. d4 d5 2. g3 c6 3. Bg2 e6 4. Nf3 Bd6 5. O-O f5 6. b3 Nf6 7. c4 O-O 8. Nc3 Bd7
9. e3 Ne4 10. Ne2 Be8 11. Bb2 Nd7 12. Ne1 Bh5 13. f3 Nef6 14. Nd3 g5 15. Ne5
Qc7 16. f4 gxf4 17. exf4 Ng4 18. Nxg4 Bxg4 19. h3 Bh5 20. c5 Be7 21. g4 Bg6 22.
g5 Bh5 23. Qd3 e5 24. fxe5 Bxe2 25. Qxe2 Bxg5 26. Rae1 Bh4 27. Rd1 Rae8 28. Qh5
Qd8 29. Rxf5 Rxf5 30. Qxf5 Rf8 31. Qe6+ Kh8 32. Bc1 Rg8 33. Rf1 Nf8 34. Qd6 Qe8
35. Qh6 Qd7 36. Kh1 Ne6 37. Be3 Rg6 38. Qh5 Ng7 39. Qxh4 1-0

[Event "2. Bundesliga Mitte 2012/2013"]
[Site "St. Veit/Glan"]
[Date "2013.03.22"]
[Round "6"]
[Board "1"]
[White "Renner, Christoph"]
[Black "Haba, Petr"]
[Result "0-1"]
[WhiteElo "2458"]
[BlackElo "2463"]
[PlyCount "74"]
[EventDate "2012.10.19"]
[EventType "team"]
[EventRounds "11"]
[EventCountry "AUT"]
[WhiteTeam "Spg. Sauwald"]
[BlackTeam "Spg. Grieskirchen/B.Schallerbach"]

1. d4 {[%emt 0:00:00]} d5 2. Bf4 Nf6 3. e3 c5 4. Nc3 cxd4 5. exd4 Bg4 6. Be2
Bxe2 7. Qxe2 a6 8. g4 e6 9. g5 Ng8 10. h4 Bd6 11. Be5 Bxe5 12. Qxe5 Kf8 13.
O-O-O Ne7 14. Nge2 Nbc6 15. Qf4 h5 16. Ng3 g6 17. Rhe1 Kg8 18. Re3 Qb8 19. Qf6
Qf8 20. Nce2 Qg7 21. Qf3 Rc8 22. Kb1 b5 23. a3 Kh7 24. c3 Na5 25. Nf4 Nc4 26.
Re2 Rc6 27. Rde1 Rhc8 28. Ka1 Nd6 29. Rxe6 fxe6 30. Nxe6 Qf7 31. Qd3 Nef5 32.
Nf4 Re8 33. Rf1 Ne4 34. Ngxh5 gxh5 35. Rg1 Nxh4 36. g6+ Rxg6 37. Nxg6 Nxg6 0-1

[Event "2. Bundesliga Mitte 2012/2013"]
[Site "St. Veit/Glan"]
[Date "2013.03.22"]
[Round "6"]
[Board "2"]
[White "Kilgus, Georg"]
[Black "Taggatz, Mario"]
[Result "1-0"]
[WhiteElo "2400"]
[BlackElo "2303"]
[PlyCount "113"]
[EventDate "2012.10.19"]
[EventType "team"]
[EventRounds "11"]
[EventCountry "AUT"]
[WhiteTeam "Spg. Grieskirchen/B.Schallerbach"]
[BlackTeam "Spg. Sauwald"]

1. Nf3 Nf6 2. c4 d6 3. d4 g6 4. g3 Bg7 5. Bg2 c6 6. Nc3 Bf5 7. Qb3 Qb6 8. O-O
O-O 9. Re1 Qxb3 10. axb3 Na6 11. e4 Bg4 12. e5 dxe5 13. Nxe5 Nb4 14. Bg5 Bf5
15. Re2 Rfd8 16. Rd2 Bc2 17. Na2 Nxa2 18. Rxc2 Nb4 19. Rd2 h6 20. Be3 Nd7 21.
Rad1 Nxe5 22. dxe5 Rxd2 23. Rxd2 Bxe5 24. Rd7 e6 25. Rxb7 a5 26. Bxh6 Bxb2 27.
Be3 Bc3 28. Ra7 Rd8 29. Bf3 Nc2 30. Bb6 Rb8 31. Bxa5 Rxb3 32. Bxc6 Bxa5 33.
Rxa5 Rc3 34. Bb5 Nd4 35. Ra2 g5 36. h3 Kg7 37. Kg2 Kf6 38. Ra7 Nxb5 39. cxb5
Rb3 40. Rb7 Kg6 41. b6 e5 42. Rb8 Kg7 43. b7 e4 44. Kf1 Rb2 45. g4 Kf6 46. Ke1
Rb1+ 47. Kd2 Rb2+ 48. Kc3 Rb1 49. Kd4 Rb4+ 50. Kc5 Rb1 51. Kd5 Rd1+ 52. Kxe4
Re1+ 53. Kf3 Rb1 54. Kg2 Rb2 55. h4 gxh4 56. Kh3 Kg7 57. Kxh4 1-0

[Event "2. Bundesliga Mitte 2012/2013"]
[Site "St. Veit/Glan"]
[Date "2013.03.22"]
[Round "6"]
[Board "3"]
[White "Hiermann, Dietmar"]
[Black "Schwabeneder, Florian"]
[Result "0-1"]
[WhiteElo "2311"]
[BlackElo "2291"]
[PlyCount "92"]
[EventDate "2012.10.19"]
[EventType "team"]
[EventRounds "11"]
[EventCountry "AUT"]
[WhiteTeam "Spg. Sauwald"]
[BlackTeam "Spg. Grieskirchen/B.Schallerbach"]

1. e4 e6 2. d4 d5 3. Nc3 Nc6 4. e5 f6 5. Bb5 Bd7 6. Nf3 Qe7 7. Qe2 O-O-O 8. O-O
Qf7 9. a4 Nge7 10. Re1 fxe5 11. Nxe5 Nxe5 12. Qxe5 Nf5 13. Bxd7+ Qxd7 14. Bg5
Re8 15. Rad1 Bd6 16. Qe2 c6 17. Bc1 e5 18. dxe5 Rxe5 19. Qd3 Rhe8 20. Rxe5 Bxe5
21. Ne2 Qf7 22. b3 Bxh2+ 23. Kxh2 Qh5+ 24. Kg1 Rxe2 25. c4 Re4 26. f3 Rd4 27.
Qc2 Rxd1+ 28. Qxd1 Qf7 29. Qd3 dxc4 30. bxc4 Qd7 31. Qc2 Qd4+ 32. Kh2 g6 33. g3
Nd6 34. c5 Nc4 35. Qe2 Kd7 36. Kh3 Qxc5 37. g4 Qd5 38. Bf4 h5 39. Kh4 hxg4 40.
fxg4 Nb6 41. Qc2 Qf7 42. Kg5 Nd5 43. Bg3 Qf6+ 44. Kh6 Ne7 45. Qe4 Ng8+ 46. Kh7
Qf7+ 0-1

[Event "2. Bundesliga Mitte 2012/2013"]
[Site "St. Veit/Glan"]
[Date "2013.03.22"]
[Round "6"]
[Board "4"]
[White "Humer, Wolfgang"]
[Black "Testor, Sebastian"]
[Result "1-0"]
[WhiteElo "2268"]
[BlackElo "2308"]
[PlyCount "71"]
[EventDate "2012.10.19"]
[EventType "team"]
[EventRounds "11"]
[EventCountry "AUT"]
[WhiteTeam "Spg. Grieskirchen/B.Schallerbach"]
[BlackTeam "Spg. Sauwald"]

1. e4 e6 2. Qe2 c5 3. Nf3 g6 4. d4 cxd4 5. Nxd4 a6 6. Nc3 Bg7 7. Be3 Qa5 8. Qd2
Nf6 9. Nb3 Qc7 10. Bc5 d5 11. exd5 exd5 12. O-O-O Be6 13. Be2 Nbd7 14. Bb4 h5
15. Kb1 Bf8 16. Bxf8 Kxf8 {[%emt 0:00:00]} 17. Bf3 Nb6 18. Qd4 Kg7 19. h3 h4
20. Nc5 Bf5 21. Nd3 Rad8 22. Ne5 Rd6 23. Rhe1 Re8 24. Re3 Rde6 25. Rde1 Kg8 26.
Qxh4 Ne4 27. Bxe4 dxe4 28. Ng4 Nc4 29. Nh6+ Kg7 30. Rg3 Rf6 31. Nd5 Qe5 32.
Qxf6+ Qxf6 33. Nxf6 Kxf6 34. Rc3 b5 35. b3 Ne5 36. g4 1-0

[Event "2. Bundesliga Mitte 2012/2013"]
[Site "St. Veit/Glan"]
[Date "2013.03.22"]
[Round "6"]
[Board "5"]
[White "Niederwieser, Peter"]
[Black "Obermayr, Hermann"]
[Result "1/2-1/2"]
[WhiteElo "2192"]
[BlackElo "2160"]
[PlyCount "61"]
[EventDate "2012.10.19"]
[EventType "team"]
[EventRounds "11"]
[EventCountry "AUT"]
[WhiteTeam "Spg. Sauwald"]
[BlackTeam "Spg. Grieskirchen/B.Schallerbach"]

1. d4 Nf6 2. c4 c5 3. d5 a6 4. Qc2 b5 5. e4 bxc4 6. Bxc4 d6 7. Nc3 g6 8. Nf3
Bg7 9. O-O O-O 10. h3 a5 11. Bf4 Ba6 12. Bxa6 Nxa6 13. Rad1 Nd7 14. Rfe1 Qb8
15. Qe2 Rd8 16. Rd2 Qb6 17. Nb5 Rab8 18. Na3 Nc7 19. Nc4 Qa6 20. Rc1 Nf6 21.
Qe3 Rb4 22. Rdc2 a4 23. Nfd2 Rb7 24. Nf3 Nb5 25. Bg5 Nc7 26. Qe1 h6 27. Bd2
Rdb8 28. Bf4 Rb4 29. Bd2 R4b7 30. Bf4 Rb4 31. Bd2 1/2-1/2

[Event "2. Bundesliga Mitte 2012/2013"]
[Site "St. Veit/Glan"]
[Date "2013.03.22"]
[Round "6"]
[Board "6"]
[White "Schwabeneder, Alois"]
[Black "Lautner, Josef"]
[Result "0-1"]
[WhiteElo "2061"]
[BlackElo "2193"]
[PlyCount "69"]
[EventDate "2012.10.19"]
[EventType "team"]
[EventRounds "11"]
[EventCountry "AUT"]
[WhiteTeam "Spg. Grieskirchen/B.Schallerbach"]
[BlackTeam "Spg. Sauwald"]

1. Nf3 d5 2. d4 e6 3. g3 Nf6 4. Bg2 Be7 5. O-O O-O 6. c4 c6 7. Nc3 Nbd7 8. b3
b6 9. Qc2 Ba6 10. Nd2 Rc8 11. Rd1 Qc7 12. e4 Rfd8 13. Bb2 c5 14. dxc5 dxc4 15.
cxb6 Nxb6 16. Nxc4 Bxc4 17. Rxd8+ Rxd8 18. Nb5 Qc5 19. bxc4 Nxc4 20. Rc1 Qxb5
21. Bxf6 Na3 22. Bf1 Qb8 23. Qa4 gxf6 24. Rc3 Qb4 25. Qc6 Nb1 26. Rc1 Nd2 27.
Bh3 Qxe4 28. Qc7 Nf3+ 29. Kf1 Nxh2+ 30. Kg1 Nf3+ 31. Kf1 Nd2+ 32. Kg1 Qb4 33.
Qxa7 Ne4 34. Qc7 Qd4 35. Rc2 0-1

[Event "2. Bundesliga Mitte 2012/2013"]
[Site "St. Veit/Glan"]
[Date "2013.03.23"]
[Round "7"]
[Board "1"]
[White "Horvath, Adam"]
[Black "Kozul, Zdenko"]
[Result "0-1"]
[WhiteElo "2485"]
[BlackElo "2621"]
[PlyCount "134"]
[EventDate "2012.10.19"]
[EventType "team"]
[EventRounds "11"]
[EventCountry "AUT"]
[WhiteTeam "RbEJ Gleisdorf"]
[BlackTeam "Schachverein Wolfsberg"]

1. e4 c5 2. Nf3 d6 3. d4 cxd4 4. Nxd4 Nf6 5. Nc3 Nc6 6. Bg5 e6 7. Qd2 a6 8.
O-O-O Bd7 9. f4 b5 10. Nxc6 Bxc6 11. Bd3 Be7 12. e5 dxe5 13. fxe5 Nd7 14. Bxe7
Qxe7 15. Be4 Bxe4 16. Nxe4 Nxe5 17. Qd4 f6 18. Nd6+ Kf8 19. Rhf1 Kg8 20. g4 h6
21. h4 Rf8 22. a3 Qc7 23. g5 hxg5 24. hxg5 Rh2 25. c3 Qc6 26. Ne4 Qc4 27. gxf6
Qe2 28. Nd2 gxf6 29. Rg1+ Kh7 30. Qa7+ Rf7 31. Qb8 Rg7 32. Rxg7+ Kxg7 33. Rg1+
Ng6 34. Qd6 Kh6 35. Qd8 Qe3 36. Rf1 f5 37. Rd1 f4 38. Kb1 Rh5 39. Rf1 Rd5 40.
Rh1+ Kg7 41. Qc7+ Kf6 42. Rh7 Qxd2 43. Qg7+ Kg5 44. Qh6+ Kf5 45. Rf7+ Ke4 46.
Qxg6+ Kf3 47. Qh6 Qd3+ 48. Ka2 Qc4+ 49. Kb1 Rd1+ 50. Kc2 Rg1 51. Qh3+ Rg3 52.
Qh1+ Rg2+ 53. Kb1 e5 54. Rg7 Qe4+ 55. Ka2 Qd5+ 56. Kb1 Kf2 57. Qh4+ Ke2 58.
Qh5+ Ke3 59. Qh2 Kf2 60. Qh4+ Rg3 61. Re7 Ke3 62. Qh2 Rg5 63. Qh3+ Qf3 64. Qh2
Qh5 65. Qc2 Qh1+ 66. Ka2 Qd5+ 67. b3 Rg2 0-1

[Event "2. Bundesliga Mitte 2012/2013"]
[Site "St. Veit/Glan"]
[Date "2013.03.23"]
[Round "7"]
[Board "2"]
[White "Stevic, Hrvoje"]
[Black "Horvath, Tamas"]
[Result "1-0"]
[WhiteElo "2616"]
[BlackElo "2390"]
[PlyCount "87"]
[EventDate "2012.10.19"]
[EventType "team"]
[EventRounds "11"]
[EventCountry "AUT"]
[WhiteTeam "Schachverein Wolfsberg"]
[BlackTeam "RbEJ Gleisdorf"]

1. e4 c5 2. Nf3 e6 3. g3 Nc6 4. Bg2 Nf6 5. Qe2 d6 6. O-O Be7 7. c3 Bd7 8. d4
cxd4 9. cxd4 O-O 10. Nc3 Re8 11. Rd1 a6 12. Bf4 Qb8 13. h3 Nxd4 14. Nxd4 e5 15.
Be3 exd4 16. Rxd4 Bc6 17. Rc1 b5 18. Nd5 Bxd5 19. exd5 Bd8 20. Rd3 Nd7 21. Qd1
Ne5 22. Rb3 Bb6 23. Kh2 Qd8 24. Bxb6 Qxb6 25. f4 Nd7 26. Rc6 Qf2 27. Qg1 Qd2
28. Rxd6 Re1 29. Rd3 Qb4 30. a3 Qxd6 31. Qxe1 Rd8 32. Rc3 Nf6 33. Qe5 Qf8 34.
Rc6 a5 35. Qd4 Ne8 36. Qb6 Nd6 37. Qxa5 h5 38. h4 g6 39. Qb4 Qe7 40. b3 Rd7 41.
a4 bxa4 42. bxa4 Qd8 43. a5 Nf5 44. Qc3 1-0

[Event "2. Bundesliga Mitte 2012/2013"]
[Site "St. Veit/Glan"]
[Date "2013.03.23"]
[Round "7"]
[Board "3"]
[White "Wegerer, Fred"]
[Black "Jovanovic, Zoran"]
[Result "0-1"]
[WhiteElo "2194"]
[BlackElo "2516"]
[PlyCount "102"]
[EventDate "2012.10.19"]
[EventType "team"]
[EventRounds "11"]
[EventCountry "AUT"]
[WhiteTeam "RbEJ Gleisdorf"]
[BlackTeam "Schachverein Wolfsberg"]

1. c4 g6 2. Nc3 {[%emt 0:00:00]} Bg7 3. g3 c5 4. Bg2 Nc6 5. Rb1 e5 6. a3 a5 7.
d3 Nge7 8. Bg5 f6 9. Bd2 d6 10. h4 h6 11. Nd5 Nxd5 12. cxd5 Nd4 13. e3 Nb5 14.
Ne2 O-O 15. Qc2 a4 16. d4 cxd4 17. Qxg6 Qe8 18. Qd3 Bg4 19. Rc1 dxe3 20. Bxe3
f5 21. f3 Bxf3 22. Bxf3 e4 23. Bxe4 fxe4 24. Qd2 Rf3 25. Rc2 Qh5 26. g4 Qxg4
27. Bxh6 e3 28. Bxe3 Re8 29. Bb6 Rg3 30. Qb4 Qxb4+ 31. axb4 Rb3 32. Kd1 Bxb2
33. Rg1+ Kh7 34. Nf4 a3 35. Rcg2 Be5 36. Ne6 Rb1+ 37. Kc2 Rxg1 38. Rxg1 a2 39.
Ng5+ Kg8 40. Nf3+ Bg7 41. Nd4 a1=Q 42. Rxa1 Nxd4+ 43. Kd3 Nc6 44. Ra4 Ne5+ 45.
Kc2 Nc4 46. Bg1 b5 47. Ra7 Re1 48. Ra8+ Kh7 49. Ba7 Ra1 50. Kd3 Ra4 51. Ke4 Bh6
0-1

[Event "2. Bundesliga Mitte 2012/2013"]
[Site "St. Veit/Glan"]
[Date "2013.03.23"]
[Round "7"]
[Board "4"]
[White "Steflitsch, Erich"]
[Black "Watzka, Horst"]
[Result "1/2-1/2"]
[WhiteElo "2382"]
[BlackElo "2259"]
[PlyCount "56"]
[EventDate "2012.10.19"]
[EventType "team"]
[EventRounds "11"]
[EventCountry "AUT"]
[WhiteTeam "Schachverein Wolfsberg"]
[BlackTeam "RbEJ Gleisdorf"]

1. e4 e5 2. Nf3 Nc6 3. Bb5 a6 4. Ba4 Nf6 5. O-O Be7 6. Re1 b5 7. Bb3 O-O 8. c3
d6 9. h3 Re8 10. d4 h6 11. Nbd2 Bf8 12. a3 Bb7 13. Ba2 Nb8 14. Qb3 Qd7 15. d5
c6 16. c4 cxd5 17. cxd5 a5 18. Qd1 Rc8 19. Bb1 Na6 20. b3 Nc5 21. Bc2 Qd8 22.
Bb2 Nfd7 23. Rc1 Nb6 24. Qe2 Qd7 25. Qe3 Qd8 26. Qe2 Qd7 27. Qe3 Qd8 28. Qe2
Qd7 1/2-1/2

[Event "2. Bundesliga Mitte 2012/2013"]
[Site "St. Veit/Glan"]
[Date "2013.03.23"]
[Round "7"]
[Board "5"]
[White "Sandner, Wolfgang"]
[Black "Reichmann, Egon"]
[Result "1/2-1/2"]
[WhiteElo "2209"]
[BlackElo "2269"]
[PlyCount "132"]
[EventDate "2012.10.19"]
[EventType "team"]
[EventRounds "11"]
[EventCountry "AUT"]
[WhiteTeam "RbEJ Gleisdorf"]
[BlackTeam "Schachverein Wolfsberg"]

1. e4 e5 2. Nf3 Nc6 3. Bb5 a6 4. Ba4 Nf6 5. O-O Be7 6. Re1 d6 7. c3 b5 8. Bc2
O-O 9. h3 Bb7 10. d3 Re8 11. Nbd2 Bf8 12. Nf1 g6 13. N3h2 Bg7 14. Qf3 h6 15.
Ne3 Nh7 16. Qg3 h5 17. Bb3 Na5 18. Bd1 Bc8 19. Nf3 Kh8 20. b4 Nc6 21. Bb3 Be6
22. Nd5 a5 23. Bg5 Qd7 24. a3 f6 25. Bd2 g5 26. Nh2 Nd8 27. bxa5 Nb7 28. Bd1 h4
29. Qe3 Nxa5 30. Bh5 Reb8 31. Bg4 Bxg4 32. Nxg4 Nb3 33. Ra2 Nxd2 34. Qxd2 Ra4
35. Qb2 c6 36. Nde3 Rba8 37. Qb3 Nf8 38. Nf5 Ne6 39. Rea1 Kh7 40. Qd1 Rd8 41.
Qf3 Qf7 42. g3 hxg3 43. fxg3 d5 44. Rf2 Bh8 45. Nfe3 Qg6 46. Nf5 dxe4 47. dxe4
Ra7 48. Kg2 Rdd7 49. Nge3 Kg8 50. Rd1 Bg7 51. Rd6 Qf7 52. Ng4 Kf8 53. Nfh6 Qe7
54. Rxd7 Rxd7 55. Nxe5 Nf4+ 56. gxf4 fxe5 57. fxg5+ Ke8 58. Qh5+ Kd8 59. Nf5
Qe6 60. Nxg7 Rxg7 61. Qh8+ Rg8 62. Rf8+ Rxf8 63. Qxf8+ Kc7 64. Qf5 Qd6 65. Qf3
Qd2+ 66. Kf1 Qxg5 1/2-1/2

[Event "2. Bundesliga Mitte 2012/2013"]
[Site "St. Veit/Glan"]
[Date "2013.03.23"]
[Round "7"]
[Board "1"]
[White "Freitag, Manfred"]
[Black "Tratar, Marko"]
[Result "1/2-1/2"]
[WhiteElo "2385"]
[BlackElo "2508"]
[PlyCount "27"]
[EventDate "2012.10.19"]
[EventType "team"]
[EventRounds "11"]
[EventCountry "AUT"]
[WhiteTeam "ESV Austria Graz"]
[BlackTeam "Schachclub MPOE Maria Saal"]

1. d4 g6 2. c4 Bg7 3. Nf3 d6 4. e4 Nf6 5. Nc3 O-O 6. Be2 e5 7. O-O c6 8. Be3
Ng4 9. Bg5 f6 10. Bc1 Nh6 11. Be3 Ng4 12. Bc1 Nh6 13. Be3 Ng4 14. Bc1 1/2-1/2